Islamic Republic of Mauritania : Poverty Reduction Strategy Paper.

This paper examines the Islamic Republic of Mauritania's adoption of its third Poverty Reduction Strategy Paper (PRSP) action plan, covering the medium term (2011-2015). Poverty reduction as the ultimate objective of all of the country's economic social and institutional development polici...

Disgrifiad llawn

Manylion Llyfryddiaeth
Awdur Corfforaethol: International Monetary Fund. Middle East and Central Asia Dept
Fformat: Cylchgrawn
Iaith:English
Cyhoeddwyd: Washington, D.C. : International Monetary Fund, 2013.
Cyfres:IMF Staff Country Reports; Country Report ; No. 2013/189
Mynediad Ar-lein:Full text available on IMF
LEADER 01841cas a2200241 a 4500
001 AALejournalIMF013706
008 230101c9999 xx r poo 0 0eng d
020 |c 5.00 USD 
020 |z 9781475594607 
022 |a 1934-7685 
040 |a BD-DhAAL  |c BD-DhAAL 
110 2 |a International Monetary Fund.  |b Middle East and Central Asia Dept. 
245 1 0 |a Islamic Republic of Mauritania :   |b Poverty Reduction Strategy Paper. 
264 1 |a Washington, D.C. :  |b International Monetary Fund,  |c 2013. 
300 |a 1 online resource (126 pages) 
490 1 |a IMF Staff Country Reports 
500 |a <strong>Off-Campus Access:</strong> No User ID or Password Required 
500 |a <strong>On-Campus Access:</strong> No User ID or Password Required 
506 |a Electronic access restricted to authorized BRAC University faculty, staff and students 
520 3 |a This paper examines the Islamic Republic of Mauritania's adoption of its third Poverty Reduction Strategy Paper (PRSP) action plan, covering the medium term (2011-2015). Poverty reduction as the ultimate objective of all of the country's economic social and institutional development policies has informed the context in which the third action plan is being implemented. The safe drinking water supply rate reached 52 percent nationally. In urban areas, the rate of access to private water main connections was 35 percent although it varied significantly from town to town. During the first year of implementation of the PRSP III, significant progress was made with actions targeting good governance and capacity-building in all areas of governance. 
538 |a Mode of access: Internet 
830 0 |a IMF Staff Country Reports; Country Report ;  |v No. 2013/189 
856 4 0 |z Full text available on IMF  |u http://elibrary.imf.org/view/journals/002/2013/189/002.2013.issue-189-en.xml  |z IMF e-Library